| 000 | 00398nam a2200157 i 4500 | ||
|---|---|---|---|
| 001 | bg | ||
| 100 | 1 | _aCZARNECKI, Ryszard | |
| 245 | 0 |
_aTechnologia obróbki plastycznej / _cR. Czarnecki, T. Horyński. |
|
| 260 |
_aCzęstochowa, _c1979. |
||
| 700 | 1 | _aHORYŃSKI, Tadeusz | |
| 040 | _cBPK | ||
| 041 | _apol | ||
| 080 | _a621.7(075.8) | ||
| 942 | _cKS | ||
| 008 | s pl f |000 0 pol | ||
| 999 |
_c18890 _d18890 |
||
| 856 |
_uhttp://koha.tu.koszalin.pl/cgi-bin/koha/opac-detail.pl?biblionumber=18890 _yKatalog online BPK |
||